| 000 | 01002nam a2200253Ia 4500 | ||
|---|---|---|---|
| 999 |
_c53521 _d53521 |
||
| 001 | 20567 | ||
| 003 | GE_BSU | ||
| 005 | 20210222004006.0 | ||
| 008 | 181216s2016||||ge |||||||||||||| ||geo|| | ||
| 020 | _a9789941945618 | ||
| 040 | _cGE_BSU | ||
| 041 | _ageo | ||
| 080 | _a615.2 ო-42 | ||
| 100 |
_aოკუჯავა, მაია _96286 |
||
| 245 |
_aფარმაკოთერაპია / _cმაია ოკუჯავა, კონსტანტინე ლილუაშვილი ; რედ. ნ. ანთელავა. |
||
| 264 |
_aთბილისი : _bგამ-ბა გლოსა, _c2016. |
||
| 300 |
_a343 გვ. : _bილ. ; _c24 სმ. |
||
| 504 | _aბიბლ. გვ. 340-343 | ||
| 541 | _h30 ლ. | ||
| 653 | _aმედიცინა | ||
| 653 | _aფარმაკოთერაპია | ||
| 700 |
_aანთელავა, ნ. _eრედაქტორი _910178 |
||
| 942 |
_cBK _2udc |
||